Groupe Européens qualification Coupe du Monde 2026 - Statistiques

Statistiques générales
  • Ce quiz a été pris 176 fois
  • Le résultat moyen est 44 sur 54
Statistiques - réponses
Groupe Pays % Correct
A Allemagne
96%
D France
96%
E Espagne
95%
F Portugal
95%
B Suisse
92%
K Angleterre
91%
J Belgique
91%
I Italie
91%
G Pologne
91%
F Irlande
90%
B Suède
90%
D Ukraine
90%
L Croatie
89%
C Danemark
88%
G Lituanie
88%
I Norvège
88%
G Pays-Bas
88%
E Turquie
88%
H Autriche
87%
D Islande
87%
K Lettonie
87%
F Hongrie
86%
A Slovaquie
86%
K Albanie
85%
H Saint Marin
85%
E Bulgarie
84%
C Écosse
84%
I Estonie
84%
C Grèce
84%
A Luxembourg
84%
H Roumanie
84%
B Slovénie
84%
G Finlande
83%
K Serbie
82%
L Tchéquie
82%
H Bosnie Herzégovine
80%
E Géorgie
80%
K Andorre
79%
B Kosovo
78%
J Macédoine du Nord
78%
J Pays de Galles
78%
J Liechtenstein
77%
G Malte
77%
H Chypre
75%
I Israël
74%
I Moldavie
72%
L Monténégro
72%
D Azerbaïdjan
70%
C Biélorussie
70%
A Irlande du Nord
70%
F Arménie
69%
L Gibraltar
62%
J Kazakhstan
55%
L Îles Féroé
49%
Aucun quiz correspondant
Distribution des résultats
% des personnes avec chaque résultat
Percentile par nombre de réponses
Votre historique - résultats
Vous n’avez pas pris ce quiz